Automatizace a automatizační technika 2 Systémové pojetí automatizace /

Gespeichert in:
Bibliographische Detailangaben
1. Verfasser: Maixner, Ladislav
Format: Buch
Sprache:Tschechisch
Veröffentlicht: Brno Computer Press 2014
Ausgabe:1. vyd.
Schlagworte:
Tags: Tag hinzufügen
Keine Tags, Fügen Sie das erste Tag hinzu!

MARC

LEADER 00000nam a22000003a 4500
001 0024084
003 SK-STU
005 20241008112835.8
007 ta
008 170526s ----xo-----e------000-0-----d
020 |a 978-80-251-4106-9 
040 |a STU  |b slo 
041 0 |a cze 
100 1 |a Maixner, Ladislav 
245 1 0 |a Automatizace a automatizační technika 2  |b Systémové pojetí automatizace /  |c Ladislav Maixner a kolektív 
250 |a 1. vyd. 
260 |a Brno  |b Computer Press  |c 2014 
300 |a 241 s. 
650 0 7 |a automatické riadenie 
996 |b 284J045088  |c J* 118278  |l JJSK  |s A  |a 24  |w 0024084_0001